000 00969cam a22003134a 4500
001 107462
005 20230410121045.0
008 120720s2011 bl a b 000 0 por c
035 _a17395133
010 _a 2012318414
020 _a9788520010327
020 _a8520010326
035 _a(OCoLC)ocn794856443
040 _aCGU
_beng
_cCGU
_erda
_dDLC
042 _alcode
_apcc
050 1 4 _aJL 2429
_bC825 2011
082 0 0 _a320.981
245 0 0 _aCorrupcao e sistema político no Brasil /
_cLeonardo Avritzer, Fernando Filgueiras (organizadores).
260 _aRio de Janeiro :
_bCivilizacao Brasileira,
_c2011.
300 _a239 pages :
_billustrations ;
_c21 cm
650 4 _aCorrupción política
_zBrasil.
651 4 _aBrasil
_xPolítica y gobierno
650 0 _aPolitical corruption
_zBrazil.
651 0 _aBrazil
_xPolitics and government.
700 1 _aAvritzer, Leonardo.
700 1 _aFilgueiras, Fernando.
942 _2lcc
_cbk
985 _eODE-rj
999 _c57088
_d57088